Normal view
MARC view
- Serratos G., María del Refugio
Entry Nombre Personal
001 - NUMERO DE CONTROL
- campo de control: 44832
003 - IDENTIFICADOR DE NUMERO DE CONTROL
- campo de control: DLC
005 - FECHA Y HORA DE LA ÜLTIMA TRANSACCIÓN
- campo de control: 20220613131332.0
008 - DATOS DE LONGITUD FIJA
- campo de control de longitud fija: 091127n| acannaabn |a aaa c
010 ## - NÚMERO DE CONTROL DE LA BIBLIOTECA DEL CONGRESO
- Número de control LC: no2009191158
035 ## - NUMERO DE CONTROL
- Número de control: (OCoLC)oca08320305
040 ## - FUENTE DE CATALOGACIÓN
- Agencia original de catalogación: MXMxUNAM
- Lenguaje de catalogación: spa
- Agencia de transcripción: MXMxUNAM
- Agencia que lo modifica: MX-MxUPN
100 1# - ENCABEZAMIENTO - NOMBRE PERSONAL
- Nombre personal: Serratos G., María del Refugio
400 1# - VEÁSE - NOMBRE DE PERSONA
- Personal name: Serratos, Cuca
670 ## - FUENTE EN LA QUE SE LOCALIZARON DATOS
- Cita de la fuente: Taller de lectura, redacción e iniciación a la investigación documental III, 1998:
- Información localizada: portada (Ma. del Refugio Serratos G.)
670 ## - FUENTE EN LA QUE SE LOCALIZARON DATOS
- Cita de la fuente: Trabalengüero, 2005:
- Información localizada: portada (Cuca Serratos)
902 ## - CATALOGADOR
- Catalogador: VAGG/130622
